[Event "Europa ch 2014"]
[Site "Yerevan ARM"]
[Date "2014.03.13"]
[Round "10.89"]
[White "Schachinger, Mario"]
[Black "Kursova, Maria"]
[Result "1-0"]
[WhiteElo "2398"]
[BlackElo "2326"]
[PlyCount "151"]
[EventDate "2014.03.03"]
[EventType "swiss"]
[EventRounds "11"]
[EventCountry "ARM"]
[Source "lmi"]
[SourceDate "2014.03.02"]

1. d4 Nf6 2. c4 e6 3. Nf3 b6 4. g3 Ba6 5. b3 d5 6. cxd5 exd5 7. Bg2 Bb4+ 8. Bd2
Be7 9. O-O O-O 10. Nc3 Bb7 11. Rc1 Re8 12. Re1 Na6 13. Qc2 h6 14. Qb2 Bf8 15.
a3 c5 16. Red1 Qe7 17. Ra1 Nc7 18. Be1 Ne6 19. e3 Red8 20. Ne2 a5 21. b4 axb4
22. axb4 c4 23. b5 Nc7 24. Ne5 Nce8 25. Nc3 Qc7 26. Rxa8 Rxa8 27. Ra1 Rxa1 28.
Qxa1 Nd6 29. Qa4 Nc8 30. Bd2 Bd6 31. f4 Ne7 32. Bh3 Bxe5 33. fxe5 Ne4 34. Qc2
Nxc3 35. Qxc3 Bc8 36. Bg2 Be6 37. Qa3 Nf5 38. Kf2 Kh7 39. Bf3 f6 40. exf6 gxf6
41. Bb4 c3 42. Qxc3 Qxc3 43. Bxc3 Nd6 44. Bb4 Nxb5 45. Be2 Bd7 46. g4 Kg7 47.
Kg3 Nc7 48. h3 Ne6 49. h4 Kf7 50. Bd6 b5 51. Bf3 Bc6 52. Bd1 Nd8 53. Bb3 Nb7
54. Bb4 Kg7 55. e4 dxe4 56. Kf4 Nd8 57. Be7 Nf7 58. Be6 h5 59. gxh5 Nh6 60. Bb4
Be8 61. d5 Bf7 62. Bxf7 Nxf7 63. Kxe4 Kh6 64. Kf5 Ne5 65. d6 Kxh5 66. Kxf6 Nc6
67. d7 Kxh4 68. Ke6 Kh5 69. Kd6 Nd8 70. Ba5 Nf7+ 71. Ke6 Kg6 72. Bc3 Nd8+ 73.
Ke7 Nf7 74. Bb2 b4 75. Ba1 b3 76. Bb2 1-0

[Event "Europa ch 2014"]
[Site "Yerevan ARM"]
[Date "2014.03.13"]
[Round "10.90"]
[White "Sanal, Vahap"]
[Black "Galojan, Lilit"]
[Result "1-0"]
[WhiteElo "2390"]
[BlackElo "2317"]
[PlyCount "109"]
[EventDate "2014.03.03"]
[EventType "swiss"]
[EventRounds "11"]
[EventCountry "ARM"]
[Source "lmi"]
[SourceDate "2014.03.02"]

1. e4 c5 2. Nf3 e6 3. d4 cxd4 4. Nxd4 Nc6 5. Nc3 Qc7 6. g3 a6 7. Bg2 d6 8. O-O
Be7 9. Re1 Bd7 10. Nxc6 Bxc6 11. Qg4 h5 12. Qe2 Kf8 13. a4 h4 14. Bf4 hxg3 15.
hxg3 Nf6 16. Red1 Nd7 17. Nb5 axb5 18. axb5 Rxa1 19. Rxa1 g6 20. bxc6 Qxc6 21.
c4 Ne5 22. b3 Kg7 23. Be3 Qc7 24. Bd4 Bf6 25. Qb2 Rb8 26. Kf1 Nd7 27. Rd1 e5
28. Be3 Nc5 29. Rd5 b6 30. Bf3 Ra8 31. Kg2 Be7 32. Qc3 Kg8 33. b4 Nd7 34. Rb5
Bd8 35. Qd3 Qc6 36. Rd5 Be7 37. Qc2 Ra7 38. Rd1 Rc7 39. Be2 f5 40. Bf3 Qxc4 41.
Qxc4+ Rxc4 42. exf5 e4 43. Be2 Rxb4 44. fxg6 Nf8 45. Bh5 Rb5 46. Rh1 Bf6 47.
Be2 Rb4 48. Bd2 Rb2 49. Bc4+ Kg7 50. Bh6+ Kxg6 51. Bxf8 Bd4 52. Rh6+ Kf5 53.
Kh3 Rxf2 54. Bxd6 e3 55. Bd3+ 1-0

[Event "Europa ch 2014"]
[Site "Yerevan ARM"]
[Date "2014.03.13"]
[Round "10.91"]
[White "Antinyan, Armen"]
[Black "Ali Marandi, Cemil Can"]
[Result "1/2-1/2"]
[WhiteElo "2155"]
[BlackElo "2380"]
[PlyCount "62"]
[EventDate "2014.03.03"]
[EventType "swiss"]
[EventRounds "11"]
[EventCountry "ARM"]
[Source "lmi"]
[SourceDate "2014.03.02"]

1. e4 e6 2. c4 d5 3. cxd5 exd5 4. exd5 Qxd5 5. Nc3 Qd8 6. Nf3 Nf6 7. d4 Be7 8.
Bc4 O-O 9. h3 c6 10. O-O Nbd7 11. Re1 Nb6 12. Bd3 Nbd5 13. Bc2 Re8 14. a3 Bd7
15. Ne5 Be6 16. Qd3 Qd6 17. Bg5 g6 18. Qf3 Rad8 19. Re2 Nxc3 20. bxc3 Qd5 21.
Qe3 c5 22. Rd2 cxd4 23. Rxd4 Qa5 24. Ra4 Qb6 25. Rxa7 Bc5 26. Qf3 Qxa7 27. Bxf6
Rc8 28. Qf4 Qa6 29. Bd3 Qd6 30. Bb5 Bf5 31. Bxe8 Rxe8 1/2-1/2

[Event "Europa ch 2014"]
[Site "Yerevan ARM"]
[Date "2014.03.13"]
[Round "10.92"]
[White "Oganian, Miran"]
[Black "Zanan, Evgeny"]
[Result "1-0"]
[WhiteElo "2376"]
[BlackElo "2236"]
[PlyCount "99"]
[EventDate "2014.03.03"]
[EventType "swiss"]
[EventRounds "11"]
[EventCountry "ARM"]
[Source "lmi"]
[SourceDate "2014.03.02"]

1. d4 Nf6 2. c4 g6 3. Nc3 d5 4. Bg5 Ne4 5. Nxe4 dxe4 6. Qd2 Bg7 7. O-O-O h6 8.
Bh4 O-O 9. e3 c5 10. Ne2 Nc6 11. dxc5 Qc7 12. Nc3 Qa5 13. Be2 g5 14. Bg3 Rd8
15. Qc2 Bf5 16. a3 Qxc5 17. Nxe4 Qa5 18. f3 Bg6 19. Qb3 f5 20. Nc3 f4 21. Bf2
fxe3 22. Bxe3 Bxc3 23. c5+ Kh7 24. Qxc3 Qxc3+ 25. bxc3 Ne5 26. Rd4 Nc6 27. Rxd8
Rxd8 28. h4 Bd3 29. Bd1 Kg6 30. h5+ Kg7 31. f4 gxf4 32. Bxf4 e5 33. Be3 Na5 34.
Rh3 Nc4 35. Rg3+ Kh7 36. Bf2 Nxa3 37. Bf3 e4 38. Bg4 Rf8 39. Bd4 Rf1+ 40. Kb2
Nc4+ 41. Ka2 e3 42. Bxe3 Nxe3 43. Rxe3 Bc4+ 44. Ka3 Rf7 45. Bf3 Kg7 46. Re8 a5
47. Rb8 Ba6 48. Ra8 Kf6 49. c6 Ke6 50. Ra7 1-0

[Event "Europa ch 2014"]
[Site "Yerevan ARM"]
[Date "2014.03.13"]
[Round "10.93"]
[White "Charochkina, Daria"]
[Black "Galoyan, Levon"]
[Result "1-0"]
[WhiteElo "2374"]
[BlackElo "2251"]
[PlyCount "60"]
[EventDate "2014.03.03"]
[EventType "swiss"]
[EventRounds "11"]
[EventCountry "ARM"]
[Source "lmi"]
[SourceDate "2014.03.02"]

1. d4 Nf6 2. c4 e6 3. Nc3 Bb4 4. Qc2 O-O 5. a3 Bxc3+ 6. Qxc3 d5 7. Bg5 c6 8. e3
Ne4 9. Bxd8 Nxc3 10. Bh4 Ne4 11. f3 Nf6 12. Bd3 Nbd7 13. Ne2 Re8 14. cxd5 Nxd5
15. e4 N5b6 16. O-O e5 17. Rac1 exd4 18. Nxd4 Ne5 19. Be2 Ng6 20. Bg3 f5 21.
exf5 Bxf5 22. Rfe1 Bd7 23. Nb3 Re3 24. Nc5 Rae8 25. Kf2 Bc8 26. Ne4 Rb3 27. Nd6
Rf8 28. Rc2 Kh8 29. Rd2 Na4 30. Rb1 Nc3 1-0

[Event "Europa ch 2014"]
[Site "Yerevan ARM"]
[Date "2014.03.13"]
[Round "10.94"]
[White "Hovhannisyan, Karen"]
[Black "Ben Artzi, Ido"]
[Result "1-0"]
[WhiteElo "2188"]
[BlackElo "2370"]
[PlyCount "120"]
[EventDate "2014.03.03"]
[EventType "swiss"]
[EventRounds "11"]
[EventCountry "ARM"]
[Source "lmi"]
[SourceDate "2014.03.02"]

1. e4 e5 2. Nf3 Nc6 3. d4 exd4 4. Nxd4 Nf6 5. Nc3 Bb4 6. Nxc6 bxc6 7. Bd3 O-O
8. O-O Re8 9. Bg5 h6 10. Bh4 Rb8 11. Qf3 Bd6 12. Rab1 Be5 13. h3 d6 14. Qe3 c5
15. Ne2 Bxb2 16. c3 Rb6 17. a4 c4 18. Bxc4 g5 19. Bxg5 hxg5 20. Qxg5+ Kf8 21.
a5 Rb8 22. Qh6+ Ke7 23. Qd2 Nxe4 24. Qd5 Be6 25. Qxe4 d5 26. Qh4+ Kd7 27. Qd4
c6 28. f4 Bf5 29. Bd3 Bxd3 30. Qxd3 Qxa5 31. Qc2 Qc5+ 32. Kh2 Qe3 33. Rxb2 Rxb2
34. Qxb2 Qxe2 35. Qb7+ Kd6 36. Ra1 Rg8 37. Rg1 Qe7 38. Qb4+ c5 39. Qa4 Qb7 40.
Qc2 Qe7 41. Ra1 Qe3 42. Ra6+ Kc7 43. Rxa7+ Kb6 44. Ra1 Qxf4+ 45. Kh1 Kc6 46.
Qe2 c4 47. Qe7 Rb8 48. Qa7 Qc7 49. Qd4 Rb6 50. Rf1 Rb5 51. h4 Qd6 52. h5 f5 53.
Ra1 Rb6 54. Re1 Qh6 55. Kg1 Rb2 56. Qa7 Qd6 57. Qa8+ Kc7 58. Qe8 Qb6+ 59. Kh2
Qd6+ 60. Kh3 Rb8 1-0

[Event "Europa ch 2014"]
[Site "Yerevan ARM"]
[Date "2014.03.13"]
[Round "10.95"]
[White "Khismatullin, Denis"]
[Black "Gevorgyan, Maria"]
[Result "1-0"]
[WhiteElo "2714"]
[BlackElo "2180"]
[PlyCount "75"]
[EventDate "2014.03.03"]
[EventType "swiss"]
[EventRounds "11"]
[EventCountry "ARM"]
[Source "lmi"]
[SourceDate "2014.03.02"]

1. c4 c5 2. Nf3 g6 3. d4 cxd4 4. Nxd4 Bg7 5. e4 Nc6 6. Be3 d6 7. Nc3 Nf6 8. Be2
O-O 9. O-O Bd7 10. Qd2 Ng4 11. Bxg4 Bxg4 12. Rac1 Rc8 13. b3 Qa5 14. Nxc6 bxc6
15. Bh6 Bh8 16. Nd5 Qd8 17. Ne3 Be6 18. Bxf8 Qxf8 19. c5 Rd8 20. Rfd1 Qh6 21.
Qe2 Qh4 22. Qf3 Be5 23. g3 Qh3 24. cxd6 exd6 25. Rxc6 Rf8 26. Qe2 Bd7 27. Rc7
a6 28. Qf1 Qe6 29. Qxa6 Qe8 30. Qe2 Bc6 31. Nd5 Bb5 32. Qf3 f5 33. exf5 Bd7 34.
f6 h5 35. Qe4 Kh8 36. Qe3 Rf7 37. f4 Bg4 38. fxe5 1-0

[Event "Europa ch 2014"]
[Site "Yerevan ARM"]
[Date "2014.03.13"]
[Round "10.96"]
[White "Tutisani, Noe"]
[Black "Popilski, Gil"]
[Result "0-1"]
[WhiteElo "2137"]
[BlackElo "2503"]
[PlyCount "68"]
[EventDate "2014.03.03"]
[EventType "swiss"]
[EventRounds "11"]
[EventCountry "ARM"]
[Source "lmi"]
[SourceDate "2014.03.02"]

1. e4 e5 2. Nf3 Nc6 3. Bb5 a6 4. Ba4 Nf6 5. d3 d6 6. c3 g6 7. O-O Bg7 8. Re1
O-O 9. Nbd2 Re8 10. h3 h6 11. d4 b5 12. Bc2 Bb7 13. a4 exd4 14. cxd4 Nb4 15.
Bb1 c5 16. Qb3 Rc8 17. axb5 axb5 18. dxc5 dxc5 19. g3 Rc6 20. Nh4 Rce6 21. Ra7
Qb6 22. Rxb7 Qxb7 23. Qe3 c4 24. f4 c3 25. bxc3 Nfd5 26. Qf3 Nxc3 27. f5 gxf5
28. Nxf5 Nxb1 29. Nxg7 Nxd2 30. Bxd2 Kxg7 31. Bxb4 Rxe4 32. Bc3+ Kf8 33. Rf1
Qb6+ 34. Rf2 Qg6 0-1

[Event "Europa ch 2014"]
[Site "Yerevan ARM"]
[Date "2014.03.13"]
[Round "10.97"]
[White "Cerbulenco, Liviu"]
[Black "Hayrapetyan, Hovik"]
[Result "1-0"]
[WhiteElo "2160"]
[BlackElo "2458"]
[PlyCount "67"]
[EventDate "2014.03.03"]
[EventType "swiss"]
[EventRounds "11"]
[EventCountry "ARM"]
[Source "lmi"]
[SourceDate "2014.03.02"]

1. e4 c5 2. Nf3 e6 3. d4 cxd4 4. Nxd4 a6 5. Bd3 Nf6 6. O-O Qc7 7. c4 Nc6 8.
Nxc6 dxc6 9. f4 e5 10. Kh1 Bc5 11. f5 h5 12. Qf3 b5 13. Nd2 Bb7 14. Nb3 Be7 15.
Bg5 h4 16. Rfc1 b4 17. c5 a5 18. a4 O-O-O 19. Bc4 Rdf8 20. Rd1 Kb8 21. Rd3 Bc8
22. Rad1 Qa7 23. Rd6 Bxd6 24. cxd6 Nd7 25. Be3 Qa8 26. Nc5 h3 27. g3 Nxc5 28.
Bxc5 Bd7 29. Qe3 g6 30. Bb6 Rc8 31. Qc5 gxf5 32. Bc7+ Rxc7 33. dxc7+ Kxc7 34.
Qxe5+ 1-0

[Event "Europa ch 2014"]
[Site "Yerevan ARM"]
[Date "2014.03.13"]
[Round "10.99"]
[White "Meribanov, Vitaly"]
[Black "Apresyan, Zohrak"]
[Result "1/2-1/2"]
[WhiteElo "2410"]
[BlackElo "2136"]
[PlyCount "110"]
[EventDate "2014.03.03"]
[EventType "swiss"]
[EventRounds "11"]
[EventCountry "ARM"]
[Source "lmi"]
[SourceDate "2014.03.02"]

1. d4 Nf6 2. c4 c5 3. d5 b5 4. cxb5 a6 5. bxa6 Bxa6 6. Nc3 g6 7. e4 Bxf1 8.
Kxf1 d6 9. g3 Bg7 10. Kg2 Nbd7 11. Nf3 Ng4 12. Nd2 Nge5 13. Qe2 Nb6 14. a4 Qc8
15. f4 Ned7 16. a5 Qa6 17. Ra3 Qxe2+ 18. Nxe2 Nc8 19. Nc4 Rb8 20. b3 O-O 21.
Bd2 f5 22. exf5 Rxf5 23. Ne3 Rf8 24. Rb1 Na7 25. b4 Rfc8 26. Ra2 Rb5 27. Ra4
Kf7 28. g4 Nb8 29. a6 Nd7 30. Kf3 Rcb8 31. Nc4 cxb4 32. Rbxb4 Rxb4 33. Bxb4 Rb5
34. Bd2 Rxd5 35. Be3 Nc5 36. Ra3 Rd1 37. Nd2 Bb2 38. Ra2 Bc1 39. Nc3 Re1 40.
Kf2 Nd3+ 41. Kf3 Nc5 42. Na4 Bxd2 43. Bxd2 Rf1+ 44. Ke2 Rh1 45. Nxc5 dxc5 46.
Kd3 Rxh2 47. Kc4 h5 48. gxh5 gxh5 49. Kxc5 h4 50. Kb6 h3 51. Kxa7 Rg2 52. Ra1
Rxd2 53. Kb6 Rb2+ 54. Kc6 h2 55. a7 Rc2+ 1/2-1/2

[Event "Europa ch 2014"]
[Site "Yerevan ARM"]
[Date "2014.03.13"]
[Round "10.100"]
[White "Chighladze, Iveri"]
[Black "Ghvamberia, Nika"]
[Result "1/2-1/2"]
[WhiteElo "2365"]
[BlackElo "2133"]
[PlyCount "109"]
[EventDate "2014.03.03"]
[EventType "swiss"]
[EventRounds "11"]
[EventCountry "ARM"]
[Source "lmi"]
[SourceDate "2014.03.02"]

1. Nf3 Nf6 2. g3 g6 3. Bg2 Bg7 4. O-O O-O 5. d4 d6 6. c4 Nbd7 7. Nc3 e5 8. b3
exd4 9. Nxd4 Re8 10. Bb2 c6 11. Qd2 a5 12. Rad1 Nc5 13. Qf4 Nh5 14. Qd2 Nf6 15.
Rfe1 Qb6 16. Nc2 Bf5 17. Ne3 Be4 18. Bf3 Rad8 19. Ng4 Nxg4 20. Bxg4 d5 21. cxd5
cxd5 22. Ba3 d4 23. Nxe4 Nxe4 24. Qd3 Nc3 25. Rd2 Nd5 26. Bb2 h5 27. Bf3 Nc3
28. Ba3 h4 29. Kg2 Qc7 30. Qc4 Qxc4 31. bxc4 hxg3 32. hxg3 d3 33. e3 b6 34. Rc1
f5 35. c5 b5 36. c6 b4 37. c7 Rc8 38. Bb2 Ne4 39. Bxe4 fxe4 40. Bxg7 Kxg7 41.
f3 Re7 42. fxe4 Rexc7 43. Rxc7+ Rxc7 44. Rxd3 Rc2+ 45. Kf3 Rxa2 46. Rd7+ Kf6
47. Rd6+ Ke5 48. Rd5+ Ke6 49. Rb5 Ra3 50. Rb6+ Kd7 51. e5 b3 52. e4 Kc7 53. Rb5
Kc6 54. Rb8 Kc7 55. Rb5 1/2-1/2

[Event "Europa ch 2014"]
[Site "Yerevan ARM"]
[Date "2014.03.13"]
[Round "10.101"]
[White "Pavlidis, Anastasios"]
[Black "Erenberg, Ariel"]
[Result "1-0"]
[WhiteElo "2340"]
[BlackElo "2092"]
[PlyCount "117"]
[EventDate "2014.03.03"]
[EventType "swiss"]
[EventRounds "11"]
[EventCountry "ARM"]
[Source "lmi"]
[SourceDate "2014.03.02"]

1. e4 c5 2. Nf3 e6 3. d4 cxd4 4. Nxd4 Nc6 5. Nc3 Qc7 6. Be2 a6 7. O-O Nf6 8.
Be3 Bb4 9. Na4 O-O 10. c4 Be7 11. Nc3 b6 12. f4 Bb7 13. e5 Ne8 14. Nxc6 Bxc6
15. Rc1 Qb7 16. Bf3 f6 17. Nd5 Bd8 18. Nb4 Bxf3 19. Qxf3 Qxf3 20. Rxf3 Bc7 21.
Rd1 fxe5 22. fxe5 Rxf3 23. gxf3 Bxe5 24. Rxd7 Bxb2 25. Bxb6 Rc8 26. c5 Nf6 27.
Rd6 a5 28. Nc6 Re8 29. Nd8 Be5 30. Rxe6 Rxe6 31. Nxe6 Nd7 32. Bxa5 Nxc5 33.
Nxc5 Bd4+ 34. Kg2 Bxc5 35. f4 Kf7 36. Kf3 Ke6 37. Ke4 g6 38. Bc3 Ba3 39. Be5 h6
40. Bg7 h5 41. h3 Kf7 42. Bd4 Ke6 43. Be5 Ke7 44. Kd5 Kd7 45. Bd4 Bc1 46. Ke5
g5 47. fxg5 Bxg5 48. Kf5 Bd2 49. Bf2 Kc6 50. Kg6 Kb5 51. Kxh5 Bb4 52. Kg4 Be7
53. Be3 Ka4 54. Bg5 Bf8 55. h4 Ka3 56. h5 Kxa2 57. Kf5 Kb3 58. Kg6 Kc4 59. Kf7
1-0

[Event "Europa ch 2014"]
[Site "Yerevan ARM"]
[Date "2014.03.13"]
[Round "10.102"]
[White "Ramazian, Arshak"]
[Black "Manukyan, Sargis A"]
[Result "1/2-1/2"]
[WhiteElo "2336"]
[BlackElo "2123"]
[PlyCount "176"]
[EventDate "2014.03.03"]
[EventType "swiss"]
[EventRounds "11"]
[EventCountry "ARM"]
[Source "lmi"]
[SourceDate "2014.03.02"]

1. e4 c5 2. Nf3 d6 3. d4 cxd4 4. Nxd4 Nf6 5. Nc3 a6 6. Bg5 e6 7. f4 Qb6 8. Nb3
Qe3+ 9. Qe2 Qxe2+ 10. Bxe2 Be7 11. O-O-O Nbd7 12. Bf3 Rb8 13. Rhe1 h6 14. Bh4
g5 15. fxg5 Ng8 16. Bg3 hxg5 17. e5 d5 18. Nxd5 exd5 19. e6 fxe6 20. Rxe6 Ra8
21. Bxd5 Ndf6 22. Ree1 Nxd5 23. Rxd5 Kf7 24. Nc5 Rh6 25. Ne4 Rg6 26. Rf1+ Kg7
27. Be5+ Kh6 28. Bc3 Re6 29. Ng3 Kg6 30. Nf5 Bf6 31. Nd4 Rb6 32. Re1 Be7 33.
Nf3 Re6 34. Ne5+ Kh7 35. Rf1 Nh6 36. Nf3 Rg6 37. Re1 Ng8 38. Rxe7+ Nxe7 39.
Nxg5+ Rxg5 40. Rxg5 Nc6 41. h4 b5 42. g4 Ra7 43. Rh5+ Kg6 44. Rc5 Ne7 45. h5+
Kh7 46. g5 Bg4 47. g6+ Kh6 48. Bd2+ Kg7 49. h6+ Kf6 50. Rg5 Bf5 51. h7 Ra8 52.
Rh5 Nxg6 53. Bc3+ Ke6 54. Rh6 Kd5 55. Rh5 Ke4 56. h8=Q Nxh8 57. Bxh8 Rg8 58.
Rh1 Kd5 59. Bc3 Rg2 60. Bd2 Kc6 61. b3 Be4 62. Rh6+ Rg6 63. Rh3 Rg2 64. Rc3+
Kb7 65. Re3 Bf5 66. Re5 Rf2 67. Rc5 Bg6 68. Ba5 Rf7 69. Kb2 Be4 70. Re5 Bf5 71.
c3 Bg6 72. Re6 Bd3 73. Rb6+ Ka7 74. Rd6 Be4 75. Ka3 Kb7 76. Kb4 Bc6 77. Rd4 Re7
78. c4 bxc4 79. bxc4 Re4 80. Rd2 Bb5 81. Rc2 Rxc4+ 82. Rxc4 Bxc4 83. Kxc4 Ka8
84. Kc5 Kb8 85. Kc6 Ka8 86. a3 Kb8 87. Bb4 a5 88. Kb6 a4 1/2-1/2

[Event "Europa ch 2014"]
[Site "Yerevan ARM"]
[Date "2014.03.13"]
[Round "10.103"]
[White "Imnadze, Nato"]
[Black "Deac, Bogdan-Daniel"]
[Result "0-1"]
[WhiteElo "2100"]
[BlackElo "2322"]
[PlyCount "170"]
[EventDate "2014.03.03"]
[EventType "swiss"]
[EventRounds "11"]
[EventCountry "ARM"]
[Source "lmi"]
[SourceDate "2014.03.02"]

1. e4 c5 2. Nc3 e6 3. g3 Nc6 4. Bg2 g6 5. d3 Bg7 6. Be3 d6 7. Qd2 a6 8. Nge2
Nd4 9. a4 Ne7 10. O-O O-O 11. Nc1 Ndc6 12. f4 Rb8 13. N1e2 Nd4 14. Nc1 b5 15.
axb5 axb5 16. Nd1 b4 17. c3 bxc3 18. bxc3 Ndc6 19. Ne2 Qb6 20. g4 Bd7 21. f5
exf5 22. gxf5 gxf5 23. Bh6 fxe4 24. Qg5 Ng6 25. Bxg7 Kxg7 26. Ng3 f5 27. Ne3
Kh8 28. Ngxf5 Bxf5 29. Nxf5 Nce5 30. Bxe4 Nxd3 31. Qh6 c4+ 32. Nd4 d5 33. Bxd5
Ndf4 34. Bf3 Ne5 35. Qxb6 Rxb6 36. Rae1 Nfd3 37. Re2 Rg6+ 38. Rg2 Rgf6 39. Rg3
Nf4 40. Bg2 Ned3 41. Ra1 Rd6 42. Bf1 Rb6 43. Nf5 Re6 44. Nd4 Ref6 45. Bg2 Nc5
46. Re1 Nb3 47. Re7 Nxd4 48. cxd4 Rc8 49. Bb7 Rcf8 50. Re1 Nd3 51. Ra1 Nf4 52.
Re1 Ne6 53. Rd1 Rd8 54. Rg4 c3 55. Kg2 c2 56. Rc1 Rxd4 57. Rxd4 Nxd4 58. Be4
Re6 59. Bd3 Re3 60. Bxc2 Re2+ 61. Kg3 Rxc2 62. Ra1 Rc7 63. Ra4 Ne6 64. Ra6 Re7
65. Ra1 Nf8 66. Ra8 Kg7 67. Ra5 Ng6 68. Ra4 h5 69. Ra5 Re5 70. Ra6 Kh6 71. Ra4
Kg5 72. Ra8 Re3+ 73. Kf2 Rh3 74. Kg2 Nf4+ 75. Kg1 Rf3 76. Ra4 Kg4 77. Ra1 Kh3
78. Kh1 h4 79. Rb1 Re3 80. Rf1 Nd3 81. Kg1 Re1 82. Rxe1 Nxe1 83. Kh1 Nd3 84.
Kg1 Ne5 85. Kh1 Ng4 0-1

[Event "Europa ch 2014"]
[Site "Yerevan ARM"]
[Date "2014.03.13"]
[Round "10.104"]
[White "Mikaelyan, Arman"]
[Black "Machkalyan, Haik"]
[Result "1-0"]
[WhiteElo "2291"]
[BlackElo "1874"]
[PlyCount "51"]
[EventDate "2014.03.03"]
[EventType "swiss"]
[EventRounds "11"]
[EventCountry "ARM"]
[Source "lmi"]
[SourceDate "2014.03.02"]

1. Nf3 Nf6 2. g3 g6 3. Bg2 Bg7 4. O-O O-O 5. d4 d6 6. c4 Nbd7 7. Nc3 e5 8. e4
Re8 9. h3 a5 10. Be3 exd4 11. Nxd4 Nc5 12. Qc2 Nh5 13. Rad1 Bd7 14. Rfe1 c6 15.
g4 Nf6 16. Bf4 Bf8 17. Nf3 Ne6 18. Bxd6 Bxd6 19. Rxd6 Qe7 20. e5 Red8 21. Rxe6
Bxe6 22. exf6 Qxf6 23. Ne4 Qf4 24. Qc3 h6 25. Nd4 Re8 26. Ne2 1-0

[Event "Europa ch 2014"]
[Site "Yerevan ARM"]
[Date "2014.03.13"]
[Round "10.105"]
[White "Poghosyan, Suren"]
[Black "Barseghyan, Harutyun"]
[Result "1-0"]
[WhiteElo "2257"]
[BlackElo "2067"]
[PlyCount "87"]
[EventDate "2014.03.03"]
[EventType "swiss"]
[EventRounds "11"]
[EventCountry "ARM"]
[Source "lmi"]
[SourceDate "2014.03.02"]

1. e4 c5 2. d4 cxd4 3. c3 dxc3 4. Nxc3 e6 5. Nf3 a6 6. Bc4 Ne7 7. Bg5 h6 8. Be3
d6 9. O-O Nec6 10. Qe2 Nd7 11. Bb3 Qf6 12. Rad1 b5 13. Nd4 Na5 14. Bc2 Bb7 15.
f4 Rc8 16. Qh5 Qe7 17. e5 g6 18. Qh3 d5 19. Bf2 Nc6 20. Nxe6 Nb4 21. Nxf8 Nxc2
22. Nxd7 Qxd7 23. Qd3 Nb4 24. e6 Qd6 25. Qd4 O-O 26. a3 Nc6 27. Qb6 Rb8 28. Bc5
Qxe6 29. Bxf8 Ba8 30. Qf2 Kxf8 31. f5 gxf5 32. Nxd5 Ne7 33. Rfe1 Bxd5 34. Rxe6
fxe6 35. Qf4 Rc8 36. Qxh6+ Kf7 37. Qh7+ Kf6 38. Qh4+ Kf7 39. Qh5+ Kf6 40. Qh6+
Ng6 41. h4 Rh8 42. Qg5+ Kf7 43. Rc1 Ne7 44. Rc7 1-0

[Event "Europa ch 2014"]
[Site "Yerevan ARM"]
[Date "2014.03.13"]
[Round "10.106"]
[White "Basencyan, Mark"]
[Black "Tari, Aryan"]
[Result "0-1"]
[WhiteElo "2186"]
[BlackElo "2424"]
[PlyCount "140"]
[EventDate "2014.03.03"]
[EventType "swiss"]
[EventRounds "11"]
[EventCountry "ARM"]
[Source "lmi"]
[SourceDate "2014.03.02"]

1. d4 Nf6 2. c4 g6 3. Nc3 d5 4. Nf3 Bg7 5. Bf4 O-O 6. e3 c5 7. dxc5 Ne4 8. Rc1
Nxc3 9. bxc3 Qa5 10. Be5 Bxe5 11. Nxe5 Nc6 12. Nxc6 bxc6 13. cxd5 Rd8 14. Qb3
cxd5 15. Bd3 Ba6 16. Bxa6 Qxa6 17. c4 Rab8 18. Qc3 Qxc4 19. Qxc4 dxc4 20. O-O
Rb4 21. a3 Ra4 22. Rc3 Rc8 23. Rb1 Rxc5 24. Kf1 Rca5 25. Rb4 Rxa3 26. Rxa3 Rxa3
27. Rxc4 Ra2 28. g4 g5 29. Kg2 Kg7 30. Rc6 a5 31. Ra6 a4 32. Kg3 a3 33. h4
gxh4+ 34. Kxh4 Ra1 35. Kg3 e6 36. Kf4 Ra2 37. Kg3 h6 38. Kf3 Kg6 39. Kg3 h5 40.
gxh5+ Kxh5 41. Ra5+ Kg6 42. Kf3 f5 43. e4 fxe4+ 44. Kxe4 Ra1 45. Ra6 Kf6 46.
Kf4 Ke7 47. Ke5 Kf7 48. Ke4 Kf6 49. Kf4 Ra2 50. Ke4 Kg5 51. Kf3 Kf5 52. Ra5+ e5
53. Ra8 Ra1 54. Rf8+ Ke6 55. Ra8 Kd5 56. Re8 Rh1 57. Kg2 a2 58. Kxh1 a1=Q+ 59.
Kg2 Qb1 60. Rg8 Qe4+ 61. Kg1 Qf4 62. Kg2 e4 63. Rg3 Qd2 64. Rh3 Ke5 65. Rg3 Kf4
66. Rh3 Qd5 67. Re3 Qc6 68. Kf1 Qc1+ 69. Ke2 Qxe3+ 70. fxe3+ Kg3 0-1

[Event "Europa ch 2014"]
[Site "Yerevan ARM"]
[Date "2014.03.13"]
[Round "10.108"]
[White "Khachatryan, Vahagn"]
[Black "Mnatsakanian, Eduard A"]
[Result "1-0"]
[WhiteElo "2278"]
[BlackElo "2144"]
[PlyCount "116"]
[EventDate "2014.03.03"]
[EventType "swiss"]
[EventRounds "11"]
[EventCountry "ARM"]
[Source "lmi"]
[SourceDate "2014.03.02"]

1. d4 d5 2. Nf3 Nf6 3. c4 c6 4. e3 e6 5. Bd3 Nbd7 6. O-O Bd6 7. Nbd2 O-O 8. e4
dxe4 9. Nxe4 Nxe4 10. Bxe4 h6 11. Bc2 e5 12. Qd3 f5 13. c5 Bc7 14. Qb3+ Kh8 15.
dxe5 Nxe5 16. Re1 Qf6 17. Bf4 Nxf3+ 18. Qxf3 Bxf4 19. Qxf4 Qxb2 20. Bb3 Bd7 21.
Qc7 Be8 22. Qxb7 Rd8 23. Qxa7 Bh5 24. Rab1 Qc3 25. Rec1 Qf6 26. Re1 Qc3 27. Qc7
Qxc5 28. Rbc1 Qb4 29. Qxc6 Bf7 30. Qc3 Qb7 31. Qc7 Rd7 32. Qxb7 Rxb7 33. Bxf7
Rbxf7 34. Rc4 Ra7 35. a4 Rfa8 36. Ra1 Ra5 37. h4 Kh7 38. Kh2 Kg6 39. Ra3 R8a7
40. Kg3 R7a6 41. f3 Kh5 42. Kh3 Kg6 43. Rf4 Kh7 44. h5 Ra7 45. Ra2 R7a6 46. Kh2
Ra7 47. Kg1 R7a6 48. Kf2 Re5 49. Re2 Rea5 50. Ra2 Re5 51. Rb4 f4 52. Rxf4 Rxh5
53. Ke3 Rd5 54. Rd4 Re5+ 55. Kd3 Ra7 56. Kc3 Re3+ 57. Kb4 Rb7+ 58. Kc5 Rc3+ 1-0

[Event "Europa ch 2014"]
[Site "Yerevan ARM"]
[Date "2014.03.13"]
[Round "10.109"]
[White "Babayan, Armine"]
[Black "Cherednichenko, Svetlana"]
[Result "0-1"]
[WhiteElo "2085"]
[BlackElo "2270"]
[PlyCount "118"]
[EventDate "2014.03.03"]
[EventType "swiss"]
[EventRounds "11"]
[EventCountry "ARM"]
[Source "lmi"]
[SourceDate "2014.03.02"]

1. d4 d6 2. e4 Nf6 3. Nc3 e5 4. d5 Be7 5. f3 O-O 6. Be3 c6 7. dxc6 bxc6 8. Bc4
Ba6 9. Bb3 Nbd7 10. Qd2 Nb6 11. Nge2 Nc4 12. Bxc4 Bxc4 13. b3 Ba6 14. Rd1 Qa5
15. Kf2 Kh8 16. Na4 Qc7 17. c4 Rad8 18. Qc3 Bc8 19. Nb2 Ng8 20. g4 g6 21. h4 f5
22. exf5 gxf5 23. g5 f4 24. Bxf4 Rf5 25. Nd3 Bf8 26. Ng3 Bg7 27. Nxf5 Bxf5 28.
Be3 e4 29. Bd4 exd3 30. Bxg7+ Qxg7 31. Qxg7+ Kxg7 32. Rhe1 Kf7 33. Kg3 h5 34.
gxh6 Nxh6 35. Kf4 Kf6 36. Rd2 Rg8 37. c5 d5 38. Rc1 Nf7 39. b4 a6 40. Ke3 Ne5
41. Kf2 Bh3 42. Rdd1 Rg2+ 43. Ke3 Bf5 44. Rf1 Re2+ 45. Kd4 Rxa2 46. Rce1 Rc2
47. Rxe5 Rc4+ 48. Ke3 Kxe5 49. f4+ Kf6 50. Ra1 d4+ 51. Kf3 d2 52. Rd1 Rc2 53.
h5 Kg7 54. h6+ Kxh6 55. Rh1+ Kg6 56. Rd1 Kf6 57. Kg3 Ke6 58. Kh4 Kd5 59. Kg5
Ke4 0-1

[Event "Europa ch 2014"]
[Site "Yerevan ARM"]
[Date "2014.03.13"]
[Round "10.110"]
[White "Manukyan, Sargis V"]
[Black "Bykova, Anastasia"]
[Result "1/2-1/2"]
[WhiteElo "2268"]
[BlackElo "2132"]
[PlyCount "81"]
[EventDate "2014.03.03"]
[EventType "swiss"]
[EventRounds "11"]
[EventCountry "ARM"]
[Source "lmi"]
[SourceDate "2014.03.02"]

1. Nf3 d5 2. c4 c6 3. e3 Nf6 4. Nc3 g6 5. d4 Bg7 6. Be2 O-O 7. O-O b6 8. Bd2
Bb7 9. Qb3 e6 10. Rfd1 Nbd7 11. cxd5 exd5 12. a4 a5 13. Rac1 Qe7 14. Be1 Rab8
15. Rc2 Ba8 16. Na2 Rfc8 17. Nc1 Ne4 18. Nd3 Qe8 19. Qa2 c5 20. dxc5 Ndxc5 21.
Nxc5 Nxc5 22. Bb5 Qd8 23. Bc4 Qe8 24. Bb5 Qd8 25. b3 Ne6 26. Nd4 Nxd4 27. exd4
Rxc2 28. Qxc2 Rc8 29. Qe2 Qc7 30. b4 axb4 31. Bxb4 Bc6 32. h3 Bxb5 33. Qxb5 Qc6
34. Qxc6 Rxc6 35. a5 bxa5 36. Bxa5 Rc4 37. Bb6 f5 38. Kf1 Kf7 39. Ke2 Rc2+ 40.
Rd2 Rxd2+ 41. Kxd2 1/2-1/2